The making of modern Africa

Bibliographic Details
Format: Book

MARC

LEADER 00000cam a2200000 7i4500
001 0000008621
002 000009397
005 20000330.0
020 |a 0582585082 
090 0 0 |a 960.23   |b MAK 
245 1 4 |a The making of modern Africa 
999 |a 0004928   |b BUKU   |c PINJAMAN   |e PERPUSTAKAAN KOMUNITI PETALING JAYA